Statistics for Name these Robot Movies

Click here to take the quiz!

General Stats

  • This quiz has been taken 26 times
  • The average score is 13 of 28

Answer Stats

Hint Answer % Correct
R2-D2Star Wars
100%
T-800The Terminator
96%
T-1000Terminator 2: Judgement Day
92%
EVEWall-E
84%
SentinelsX-Men: Days of Future Past / The Matrix Trilogy
76%
IronhideTransformers
72%
DataStar Trek (Various)
64%
MechagodzillaGodzilla vs Mechagodzilla
60%
ED-209Robocop
52%
Evil Bill & TedBill & Ted's Bogus Journey
52%
Johnny 5Short Circuit
52%
BishopAliens
52%
AshAlien
52%
CylonsBattlestar Galactica
44%
SonnyI, Robot
40%
Gigolo JoeA.I. Artificial Intelligence
40%
PrisBlade Runner
36%
MarvinThe Hitchhiker's Guide to the Galaxy
36%
GortThe Day the Earth Stood Still
32%
Dot MatrixSpaceballs
32%
Golden ArmyHellboy 2: The Golden Army
32%
DavidPrometheus
32%
Major KusanagiGhost In The Shell
28%
RobbyForbidden Planet
24%
MaximillianBlack Hole
20%
GunslingerWestworld
16%
MariaMetropolis
16%
ABC WarriorJudge Dredd
12%

Score Distribution

Percentile by Number Answered

Percent of People with Each Score

Your Score History

You have not taken this quiz